The feynman Lectures on Physics : (Record no. 30304)
[ view plain ]
| 000 -LEADER | |
|---|---|
| fixed length control field | 00929 a2200193 4500 |
| 020 ## - INTERNATIONAL STANDARD BOOK NUMBER | |
| International Standard Book Number | 0805390456 (hardcover) |
| 020 ## - INTERNATIONAL STANDARD BOOK NUMBER | |
| International Standard Book Number | 9780805390452 (hardcover) |
| 090 ## - LOCALLY ASSIGNED LC-TYPE CALL NUMBER (OCLC); LOCAL CALL NUMBER (RLIN) | |
| -- | 1696 |
| -- | 1696 |
| 100 1# - MAIN ENTRY--PERSONAL NAME | |
| Personal name | Feynman, Richard P. |
| 245 14 - TITLE STATEMENT | |
| Title | The feynman Lectures on Physics : |
| Remainder of title | the definitive edition / |
| Statement of responsibility, etc. | Richard P. Feynman, Robert B. Leighton, Matthew Sands. |
| 260 ## - PUBLICATION, DISTRIBUTION, ETC. | |
| Place of publication, distribution, etc. | New Delhi |
| Name of publisher, distributor, etc. | Pearson Education |
| Date of publication, distribution, etc. | 2009. |
| 300 ## - PHYSICAL DESCRIPTION | |
| Extent | 1 v. (unpaged) ; |
| Dimensions | 30 cm. |
| 700 ## - ADDED ENTRY--PERSONAL NAME | |
| Personal name | Leighton, Robert B. |
| 700 ## - ADDED ENTRY--PERSONAL NAME | |
| Personal name | Sands, Matthew |
| 942 ## - ADDED ENTRY ELEMENTS (KOHA) | |
| Institution code [OBSOLETE] | SNS |
| Koha item type | Book |
| Call number prefix | 530 FEY |
| Withdrawn status | Lost status | Damaged status | Not for loan | Permanent Location | Current Location | Date acquired | Total Checkouts | Total Renewals | Full call number | Barcode | Date last seen | Date last checked out | Price effective from | Koha item type |
|---|---|---|---|---|---|---|---|---|---|---|---|---|---|---|
| School of Natural Sciences (SNS) | School of Natural Sciences (SNS) | 05/26/2016 | 10 | 6 | 530 FEY | SNS0001748 | 04/14/2026 | 09/23/2025 | 05/26/2016 | Book | ||||
| School of Natural Sciences (SNS) | School of Natural Sciences (SNS) | 05/26/2016 | 530 FEY | SNS0001911 | 07/10/2023 | 05/26/2016 | Book | |||||||
| School of Natural Sciences (SNS) | School of Natural Sciences (SNS) | 05/26/2016 | 2 | 530 FEY | SNS0001912 | 12/27/2021 | 07/05/2021 | 05/26/2016 | Book |
